| 000 | 00356 a2200121 4500 | ||
|---|---|---|---|
| 082 | _a620.11 DAL | ||
| 100 | _aDally, James W. | ||
| 245 |
_aExperimental stress analysis _cJames W. Dally, William F. Riley. |
||
| 260 |
_aNew York, _bMcGraw-Hill _c1965 |
||
| 300 |
_axvii, 520 p. _billus. _c23 cm. |
||
| 650 | _aStrains and stresses. | ||
| 650 | _aPhotoelasticity. | ||
| 650 | _aStrain gages. | ||
| 999 |
_c801 _d801 |
||